000 01216nam a22002057a 4500
005 20100731160135.0
010 _aHIN-89914
020 _c250.00
_a8180990931
035 _aHN-62260
037 _bDBAD/PUB
082 _a883
245 _aप्रमुख अमेरिकी कथाकारों की श्रेष्ठ कहानियाँ /
_cमोज़ेज़ माइकेल द्वारा संकलित, संपादित एंव अनुवादित
246 _aPramukh Amriki Kathakaron Ki Shreshta Kahaniyan
_bEdited, Translated & Compiled by Yatindra Nath Gaur
260 _aनई दिल्ली
_bझारीसन प्रेस एण्ड पब्लिकेशन्स
_c2010
270 _aआई-2/16, अंसारी रोड़, दरियागंज
_bनई दिल्ली
_e110002
_k011-23279853
300 _a168पृ.
_c22सेमी (सजिल्द)
700 _91054
_aमाइकेल, मोज़ेज़
942 _2ddc
_cHN
_h883
_mप्रमुख
999 _c38484
_d38484